[Event "Wch U08"]
[Site "Batumi"]
[Date "2022.09.26"]
[Round "10"]
[White "Aadhya, V."]
[Black "Indukuri, Suhas"]
[Result "0-1"]
[WhiteElo "1193"]
[BlackElo "1400"]
[PlyCount "128"]
[EventDate "2022.09.16"]
[EventType "swiss"]
[EventRounds "11"]
[EventCountry "GEO"]
[SourceTitle "EXT 2023"]
[Source "ChessBase"]
[SourceDate "2022.10.05"]
[SourceVersion "1"]
[SourceVersionDate "2022.10.05"]
[SourceQuality "1"]

1. d4 Nf6 2. c4 e6 3. Nc3 Bb4 4. Bg5 c5 5. e3 Qa5 6. Bd3 cxd4 7. exd4 Qxg5 8. Qf3 Qg4 9. Qxg4 Nxg4 10. Nge2 Nc6 11. 0-0 Bxc3 12. bxc3 0-0 13. h3 Nf6 14. Rab1 b6 15. Nf4 e5 16. dxe5 Nxe5 17. Be2 Ba6 18. Rfd1 Bxc4 19. Bxc4 Nxc4 20. Rd4 Rac8 21. Rb4 Ne5 22. Rb5 Rfe8 23. Ra4 Rc4 24. Rxc4 Nxc4 25. Rb4 Rc8 26. a4 Na5 27. Ne2 Rc4 28. Rb1 Rxa4 29. Nd4 Nc4 30. Re1 h6 31. g4 Ra3 32. Nb5 Ra5 33. Nd4 Re5 34. Rxe5 Nxe5 35. f4 Nd3 36. f5 Ne4 37. Ne2 a5 38. Kg2 a4 39. Kf3 a3 40. Nd4 Nec5 41. Nc2 a2 42. Ke3 Nc1 43. h4 N1b3 44. h5 a1Q 45. Nxa1 Nxa1 46. Kd4 Na4 47. Kc4 Nxc3 48. Kxc3 d6 49. Kb2 Kf8 50. Kxa1 Ke7 51. Kb2 Kf6 52. Kc3 Kg5 53. Kd4 Kxg4 54. Kd5 b5 55. Kxd6 b4 56. Ke7 Kxh5 57. Kxf7 Kg5 58. Kxg7 Kxf5 59. Kxh6 b3 60. Kg7 b2 61. Kh6 b1Q 62. Kh7 Kf6+ 63. Kh8 Qb7 64. Kg8 Qg7# 0-1

[Event "Wch U08"]
[Site "Batumi"]
[Date "2022.09.25"]
[Round "9"]
[White "Indukuri, Suhas"]
[Black "Ling, Chenxuan"]
[Result "0-1"]
[WhiteElo "1400"]
[BlackElo "1601"]
[PlyCount "174"]
[EventDate "2022.09.16"]
[EventType "swiss"]
[EventRounds "11"]
[EventCountry "GEO"]
[SourceTitle "EXT 2023"]
[Source "ChessBase"]
[SourceDate "2022.10.05"]
[SourceVersion "1"]
[SourceVersionDate "2022.10.05"]
[SourceQuality "1"]

1. e4 c5 2. Nf3 Nc6 3. d4 cxd4 4. Nxd4 Nf6 5. Nc3 e5 6. Ndb5 d6 7. Bg5 a6 8. Na3 b5 9. Nd5 Be7 10. Bxf6 Bxf6 11. c4 b4 12. Nc2 Rb8 13. b3 Bg5 14. g3 0-0 15. Bg2 a5 16. 0-0 Be6 17. Qd3 g6 18. Rad1 Kh8 19. f4 Bh6 20. f5 Bc8 21. Kh1 Ba6 22. Nde3 Bxe3 23. Qxe3 Qf6 24. Qh6 Rbd8 25. fxg6 Qxg6 26. Qxg6 hxg6 27. Rf6 Bb7 28. Rfxd6 Rxd6 29. Rxd6 Rd8 30. Rd5 Kg7 31. Ne3 Kf6 32. Bh3 Ke7 33. Rb5 Ba8 34. Nd5+ Kf8 35. Bg2 Kg7 36. g4 Kh6 37. h4 Rd7 38. Kh2 Ra7 39. Nb6 Bb7 40. Rd5 Ba6 41. Nd7 Bc8 42. Nxe5 Nxe5 43. Rxe5 Bxg4 44. Rb5 Bd7 45. Rb6 Kg7 46. e5 Bf5 47. Rb7 Rxb7 48. Bxb7 Kf8 49. Bd5 Bb1 50. Bf3 Bxa2 51. Bd1 a4 52. bxa4 b3 53. c5 b2 54. Bc2 b1Q 55. Bxb1 Bxb1 56. Kg3 Ke7 57. Kf4 Bd3 58. a5 Ba6 59. c6 Ke6 60. Ke4 Bb5 61. c7 Bc6+ 62. Kd4 Kd7 63. e6+ fxe6 64. Ke5 Kxc7 65. Kxe6 Bf3 66. Ke5 Kb7 67. Kd6 Ka6 68. Ke5 Kxa5 69. Ke6 Kb4 70. Ke5 Kc3 71. Kf4 Bh5 72. Ke3 Kc2 73. Kf4 Kd2 74. Ke4 Ke2 75. Kf4 Kf2 76. Kg5 Kg3 77. Kf6 Kxh4 78. Ke5 g5 79. Kf5 Bg6+ 80. Kxg6 g4 81. Kh6 g3 82. Kh7 g2 83. Kh6 g1Q 84. Kh7 Kh5 85. Kh8 Qa7 86. Kg8 Kg6 87. Kh8 Qh7# 0-1

[Event "Wch U08"]
[Site "Batumi"]
[Date "2022.09.24"]
[Round "8"]
[White "Bakhyt, Rauan"]
[Black "Indukuri, Suhas"]
[Result "0-1"]
[WhiteElo "1166"]
[BlackElo "1400"]
[PlyCount "112"]
[EventDate "2022.09.16"]
[EventType "swiss"]
[EventRounds "11"]
[EventCountry "GEO"]
[SourceTitle "EXT 2023"]
[Source "ChessBase"]
[SourceDate "2022.10.05"]
[SourceVersion "1"]
[SourceVersionDate "2022.10.05"]
[SourceQuality "1"]

1. e4 c5 2. a3 e6 3. b4 cxb4 4. axb4 Bxb4 5. c3 Be7 6. d4 d5 7. e5 Nc6 8. Qg4 Bf8 9. Na3 f6 10. Bd3 f5 11. Qg3 g6 12. Nb5 a6 13. Bg5 Be7 14. Nd6+ Kf8 15. h4 h6 16. Bxe7+ Ngxe7 17. Ne2 Rb8 18. f4 Rg8 19. Qf3 Bd7 20. Kf2 Nc8 21. Nxc8 Rxc8 22. Rhg1 Kf7 23. g4 Ne7 24. h5 g5 25. fxg5 Rxg5 26. gxf5 Nxf5 27. Rxg5 Qxg5 28. Rb1 b5 29. Rg1 Qh4+ 30. Kf1 Qe7 31. Bxf5 exf5 32. Qxd5+ Qe6 33. Qg2 Ke7 34. Qg7+ Kd8 35. Rg6 Qd5 36. Kf2 Rc6 37. Rxc6 Bxc6 38. Qf8+ Kd7 39. Qxf5+ Kc7 40. Qh7+ Kb6 41. e6 Qd6 42. Qf5 Qe7 43. Ng3 Qh4 44. Qc5+ Kb7 45. Qe5 Qh2+ 46. Ke1 Qg1+ 47. Nf1 Bg2 48. Qg7+ Kb6 49. Qh8 Qxf1+ 50. Kd2 Qf2+ 51. Kc1 Qe1+ 52. Kb2 Qd2+ 53. Ka3 Qc1+ 54. Kb3 Bd5+ 55. c4 Bxc4+ 56. Kb4 Qb2# 0-1

[Event "Wch U08"]
[Site "Batumi"]
[Date "2022.09.20"]
[Round "5"]
[White "Indukuri, Suhas"]
[Black "Ejsymont, Eryk"]
[Result "1-0"]
[WhiteElo "1400"]
[BlackElo "1259"]
[PlyCount "87"]
[EventDate "2022.09.16"]
[EventType "swiss"]
[EventRounds "11"]
[EventCountry "GEO"]
[SourceTitle "EXT 2023"]
[Source "ChessBase"]
[SourceDate "2022.10.05"]
[SourceVersion "1"]
[SourceVersionDate "2022.10.05"]
[SourceQuality "1"]

1. e4 c5 2. Nf3 e6 3. d4 cxd4 4. Nxd4 Nf6 5. Nc3 Nc6 6. Nxc6 bxc6 7. e5 Nd5 8. Ne4 Qc7 9. f4 Qb6 10. c4 Bb4+ 11. Ke2 Ne7 12. Be3 Qa6 13. a3 Ba5 14. Nd6+ Kf8 15. Kf2 c5 16. b4 Bc7 17. Bxc5 Qc6 18. Be2 Bb6 19. Bf3 Bxc5+ 20. Ke1 Qa6 21. Bxa8 Bxd6 22. exd6 Nf5 23. c5 Qc4 24. Qd2 Ba6 25. Rc1 Qb5 26. Bf3 Bb7 27. Bxb7 Qxb7 28. Kf2 f6 29. Rhd1 Kf7 30. a4 Nh4 31. Kg1 g5 32. fxg5 Rg8 33. Rf1 f5 34. c6 dxc6 35. Qd4 Qb6 36. Rc5 Qd8 37. Qxh4 Rxg5 38. Rcxf5+ exf5 39. Rxf5+ Ke6 40. Qxg5 Qb6+ 41. Kh1 Qd4 42. Re5+ Kd7 43. Qe7+ Kc8 44. Qc7# 1-0